| 000 | 00632nam a2200229Ia 4500 | ||
|---|---|---|---|
| 003 | OSt | ||
| 005 | 20220928112649.0 | ||
| 006 | a|||||r|||| 00| 0 | ||
| 007 | ta | ||
| 008 | 220927b |||||||| |||| 00| 0 eng d | ||
| 024 | _a44082 | ||
| 037 | _cTextual | ||
| 040 |
_aSDCL _cSDCL _beng |
||
| 041 |
_2eng _aeng |
||
| 082 | _aV25212:51'M57, A79 | ||
| 100 |
_aShepherd W J _9429151 |
||
| 245 | 0 | _aPersonal narrative of the outbreak and massacre | |
| 260 |
_aNew Delhi _bAcademic Books _c1879 |
||
| 300 |
_av,161p _ccm. |
||
| 942 |
_hV25212:51'M57, A79 _cTEXL _2CC |
||
| 999 |
_c745642 _d745642 |
||